[Event "12th TCh-RUS Women"]
[Site "Olginka RUS"]
[Date "2011.04.21"]
[Round "5"]
[White "Iljushina,O"]
[Black "Galliamova,A"]
[Result "1-0"]
[WhiteElo "2352"]
[BlackElo "2497"]

1.d4 d5 2.c4 c6 3.Nf3 Nf6 4.Nc3 e6 5.e3 Nbd7 6.Qc2 Bd6 7.Bd3 O-O 8.O-O dxc4
9.Bxc4 a6 10.Rd1 b5 11.Be2 Qc7 12.e4 e5 13.Bg5 Re8 14.dxe5 Bxe5 15.Nxe5 Qxe5
16.Be3 Qe7 17.f3 Ne5 18.Rd2 Be6 19.b3 c5 20.Nd5 Bxd5 21.Bxc5 Qe6 22.exd5 Nxd5
23.Rad1 Nf4 24.Bf1 Rac8 25.b4 Qf6 26.Kh1 h5 27.a4 h4 28.axb5 axb5 29.Bxb5 Re6
30.Bf1 Qg5 31.Be7 Rxe7 32.Rd8+ Re8 33.Qxc8 Rxd8 34.Qxd8+ Qxd8 35.Rxd8+ Kh7
36.b5 Ne6 37.Rd5 Ng6 38.b6 Ne7 39.Rd7 Nc6 40.Bb5  1-0

[Event "Philadelphia Open"]
[Site "Philadelphia USA"]
[Date "2011.04.21"]
[Round "3"]
[White "Itkis,H"]
[Black "Amanov,M"]
[Result "0-1"]
[WhiteElo "2128"]
[BlackElo "2495"]

1.d4 d5 2.c4 c6 3.Nc3 Nf6 4.Nf3 e6 5.e3 Nbd7 6.Qc2 Bd6 7.Bd3 O-O 8.O-O dxc4
9.Bxc4 a6 10.Rd1 b5 11.Be2 Qc7 12.e4 e5 13.h3 Re8 14.dxe5 Nxe5 15.Bg5 Nxf3+
16.Bxf3 Nd7 17.Bg4 Ne5 18.Bf5 h6 19.Bh4 Nc4 20.b3 Nb6 21.Bxc8 Raxc8 22.Ne2 c5
23.Bg3 Be5 24.Rac1 c4 25.bxc4 bxc4 26.Bxe5 Qxe5 27.Nc3 Re6 28.Qe2  0-1

[Event "Philadelphia Open"]
[Site "Philadelphia USA"]
[Date "2011.04.21"]
[Round "3"]
[White "Gershenov,B"]
[Black "Mulyar,M"]
[Result "0-1"]
[WhiteElo "2072"]
[BlackElo "2396"]

1.d4 d5 2.c4 c6 3.Nc3 Nf6 4.e3 e6 5.Nf3 Nbd7 6.Bd2 Bd6 7.Bd3 dxc4 8.Bxc4 b5
9.Bd3 Bb7 10.Rc1 O-O 11.Ne4 Nxe4 12.Bxe4 Rc8 13.b4 Qe7 14.a3 a5 15.Qb3 axb4
16.axb4 e5 17.Qb1 g6 18.dxe5 Nxe5 19.Nxe5 Bxe5 20.O-O Qd6 21.Rfd1 Bxh2+ 22.Kh1 Be5
23.Bc3 Qf6 24.Bxe5 Qxe5 25.Rd7 Rc7 26.Rxc7 Qxc7 27.Qc2 Qe7 28.Qb1 Qf6 29.Bf3 Rd8
30.Rd1 Rxd1+ 31.Qxd1 Qh4+ 32.Kg1 Qxb4 33.Qd7 Ba8 34.Bxc6 Bxc6 35.Qxc6 Qe1+
36.Kh2 Qxf2 37.Qe8+ Kg7 38.Qe5+ Qf6  0-1

[Event "Philadelphia Open"]
[Site "Philadelphia USA"]
[Date "2011.04.21"]
[Round "3"]
[White "Holt,C"]
[Black "Kats,A"]
[Result "1-0"]
[WhiteElo "2408"]
[BlackElo "2085"]

1.d4 d5 2.c4 c6 3.Nf3 Nf6 4.Nc3 e6 5.e3 Nbd7 6.Bd3 dxc4 7.Bxc4 b5 8.Be2 a6
9.O-O Bb7 10.e4 b4 11.e5 bxc3 12.exf6 cxb2 13.fxg7 Bxg7 14.Bxb2 c5 15.Rc1 Rc8
16.Rc2 cxd4 17.Rxc8 Qxc8 18.Bxd4 Rg8 19.Bxg7 Rxg7 20.Qd4 e5 21.Qe3 Qc5 22.Qh6 Qf8
23.Qh3 Qe7 24.Rb1 Nc5 25.Qh6 Ne6 26.g3 f6 27.Nh4 Nd4 28.Bh5+ Kd8 29.Rb6 f5
30.Rb1 Qd7 31.Rc1 Bc6 32.Qf6+ Qe7 33.Rxc6 Nxc6 34.Qxc6 Qxh4 35.Qd6+ Kc8 36.Qf8+ Qd8
37.Qxg7  1-0

[Event "ch-USA GpB"]
[Site "Saint Louis USA"]
[Date "2011.04.21"]
[Round "7"]
[White "Onischuk,Al"]
[Black "Shankland,S"]
[Result "1/2-1/2"]
[WhiteElo "2678"]
[BlackElo "2512"]

1.d4 d5 2.c4 c6 3.Nc3 Nf6 4.e3 e6 5.Nf3 Nbd7 6.Qc2 b6 7.Bd3 Bb7 8.O-O dxc4
9.Bxc4 c5 10.Rd1 Be7 11.dxc5 Bxc5 12.b3 O-O 13.Bb2 Qe7 14.Qe2 a6 15.Bd3 Ba3
16.Bxa3 Qxa3 17.Nb1 Qe7 18.Nbd2 Nc5 19.Rac1 Nxd3 20.Qxd3 Rfd8 21.Qb1 b5 22.Nd4 Rd5
23.N2f3 Rad8 24.Ne2 Rxd1+ 25.Rxd1 Bxf3 26.gxf3 g6 27.Rxd8+ Qxd8 28.Qc2 Qd6
29.Ng3 h5 30.Ne4  1/2-1/2

[Event "Joao Braga Open"]
[Site "Sao Paolo BRA"]
[Date "2011.04.21"]
[Round "3.45"]
[White "Dias,Andr"]
[Black "De Paula,L"]
[Result "1-0"]
[WhiteElo "2054"]
[BlackElo "1733"]

1.Nf3 d5 2.d4 c6 3.e3 Nf6 4.c4 e6 5.Nc3 Nbd7 6.cxd5 exd5 7.Bd3 Bd6 8.O-O O-O
9.Qc2 Re8 10.Rb1 h6 11.b4 a6 12.a4 Qc7 13.g3 b5 14.a5 Nf8 15.Bf5 Bxf5 16.Qxf5 Qe7
17.Ba3 Ne6 18.Rfc1 Rec8 19.Kg2 g6 20.Qd3 Ng5 21.Nxg5 hxg5 22.h3 g4 23.Rh1 gxh3+
24.Rxh3 Kg7 25.Na2 Rh8 26.Rbh1 Rxh3 27.Rxh3 Qe4+ 28.Qxe4 Nxe4 29.Bc1 Ng5
30.Rh1 Ne4 31.Re1 Rh8 32.Re2 Kf6 33.Rc2 Rc8 34.Bd2 Ke6 35.Be1 Be7 36.Nc1 Nd6
37.Nd3 Nc4 38.Bd2 Bd6 39.Bc1 Rh8 40.Re2 Rh5 41.Bb2 f5 42.Bc3 Rh8 43.Re1 g5
44.Re2 Rh7 45.Ne1 Kf6 46.Nf3 Re7 47.Rc2 f4 48.exf4 gxf4 49.g4 Rg7 50.g5+ Kf5
51.Rc1 Be7 52.Rh1 Bxg5 53.Nxg5 Rxg5+ 54.Kf3 Nd6 55.Bd2 Nf7 56.Bxf4 Rg8 57.Rh5+ Ke6
58.Rh1 Rh8 59.Re1+ Kd7 60.Kg4 Nd6 61.f3 Rg8+ 62.Bg5 Rg7 63.Re3 Nc4 64.Re2 Nd6
65.Re1 Nc4 66.Kh5 Na3 67.Re2 Rh7+ 68.Kg6 Rh3 69.f4 Rb3 70.Be7 Nc2 71.Bc5 Nxb4
72.Re7+ Kc8 73.f5 Nd3 74.Bb6 Rb1 75.Re8+ Kd7 76.Rd8+ Ke7 77.f6+ Ke6 78.Re8+ Kd7
79.Re7+ Kc8 80.Re8+ Kd7 81.Kf7 c5 82.dxc5 b4 83.Re6 b3 84.Rd6+  1-0

[Event "Branko Vukmanovic Mem Open"]
[Site "Tivat MNE"]
[Date "2011.04.21"]
[Round "6.19"]
[White "Mitkov,M"]
[Black "Drobne,M"]
[Result "1-0"]
[WhiteElo "2401"]
[BlackElo "2093"]

1.d4 d5 2.c4 e6 3.Nc3 c6 4.e3 Nf6 5.Nf3 Nbd7 6.Qc2 dxc4 7.Bxc4 Bd6 8.O-O O-O
9.Rd1 Qe7 10.h3 e5 11.Bb3 h6 12.Nh4 Bb8 13.Ng6 Qe8 14.Nxf8 Nxf8 15.dxe5 Qxe5
16.f4 Qc5 17.Ne2 Qh5 18.Ng3 Qa5 19.Bd2 Qb6 20.Kh1 Be6 21.Nf5 Bc7 22.Bc3 Nh5
23.Bxe6 Nxe6 24.g4  1-0

[Event "Doeberl Cup Premier"]
[Site "Canberra AUS"]
[Date "2011.04.22"]
[Round "3.4"]
[White "Illingworth,M"]
[Black "Zelesco,Karl"]
[Result "1-0"]
[WhiteElo "2345"]
[BlackElo "1843"]

1.d4 d5 2.c4 c6 3.Nf3 Nf6 4.Nc3 e6 5.e3 Nbd7 6.Qc2 b6 7.b3 Bb7 8.Bb2 Be7
9.Bd3 O-O 10.O-O Qc7 11.Rac1 Rac8 12.e4 dxe4 13.Nxe4 Nxe4 14.Bxe4 Nf6 15.c5 Qf4
16.Rfe1 Rfd8 17.g3 Qh6 18.Qe2 Nxe4 19.Qxe4 Rd5 20.b4 Rcd8 21.Qe2 Bf6 22.Rcd1 Qh5
23.Kg2 g5 24.h3 g4 25.hxg4 Qxg4 26.Qe4 Qg7 27.Rc1 bxc5 28.bxc5 Bc8 29.Ba1 Bg5
30.Rb1 f5 31.Qe2 f4 32.Qe4 fxg3 33.fxg3 Rf8 34.Rb8 Bf4 35.Rxc8 Qxg3+ 36.Kf1 Qh3+
37.Ke2 Rxc8 38.Rg1+ Kh8 39.Qxf4 Qf5 40.Qxf5 exf5 41.Ne5 Rc7 42.Bc3 Re7 43.Ke3 Rg7
44.Rxg7 Kxg7 45.Nxc6 Rd7 46.d5+ Kf8 47.d6 Ke8 48.Ne5 Rg7 49.Ba5 Rd7 50.Kd4 h5
51.Nxd7 Kxd7 52.Kd5 h4 53.c6+ Ke8 54.Ke6 h3 55.Kf6 Kf8 56.d7 Kg8 57.Kg6 h2
58.d8=Q+  1-0

[Event "Cez Cup GM 2011"]
[Site "Frydek Mistek CZE"]
[Date "2011.04.22"]
[Round "5"]
[White "Szablowski,P"]
[Black "Dydyshko,V"]
[Result "1/2-1/2"]
[WhiteElo "2404"]
[BlackElo "2555"]

1.Nf3 Nf6 2.c4 c6 3.d4 d5 4.Nc3 e6 5.e3 Nbd7 6.Bd3 dxc4 7.Bxc4 b5 8.Be2 Bb7
9.O-O b4 10.Na4 Be7 11.Bd2 O-O 12.Qc2 a5 13.Rfd1 Qc7 14.Rac1 Rfc8 15.e4 c5
16.e5 Nd5 17.Bb5 Bc6 18.Bxc6 Qxc6 19.Nxc5 Nxc5 20.Ng5 Bxg5 21.Bxg5 Nc3 22.bxc3 Ne4
23.Bd2 Nxd2 24.Rxd2 Qxc3 25.Qxc3 Rxc3 26.Rxc3 bxc3 27.Rc2 Rc8 28.Kf1 Rc4
29.Ke2 Rxd4 30.Rxc3 g5 31.Rd3 Ra4 32.a3 Kg7 33.Kd2 Kg6 34.Kc2 Re4 35.Re3 Rxe3
36.fxe3 Kf5 37.Kb3 Kxe5 38.Ka4 Kd5 39.Kxa5 Kc5 40.Ka4 Kc4 41.Ka5 Kc5 42.Ka4 Kc4
43.Ka5 Kc5  1/2-1/2

[Event "17th Asian Cities"]
[Site "Jakarta INA"]
[Date "2011.04.22"]
[Round "1.9"]
[White "Nyi Nyi Lwin"]
[Black "Battulga,N"]
[Result "1-0"]
[WhiteElo "2219"]
[BlackElo "2420"]

1.Nf3 d5 2.c4 c6 3.e3 Nf6 4.d4 e6 5.Nc3 Nbd7 6.cxd5 exd5 7.Bd3 Bd6 8.O-O O-O
9.Re1 Re8 10.Qc2 Nb6 11.h3 h6 12.b3 Qe7 13.Bb2 Ne4 14.Ne5 f6 15.Ng6 Qf7 16.Nf4 f5
17.Be2 Qc7 18.Bh5 Rf8 19.Ng6 Rf6 20.a4 a5 21.Rac1 Qf7 22.Nf4 g6 23.Be2 Be6
24.Nd3 Rf8 25.Ne5 Qg7 26.Bd3 g5 27.f3 Ng3 28.Qf2 Nh5 29.Be2 f4 30.e4 Bb4
31.Bd3 Ng3 32.exd5 Nxd5 33.Nxd5 Bxd5 34.Bc3 Rd8 35.Bxb4 axb4 36.Qd2 Bxb3
37.Qxb4 Be6 38.a5 Bf5 39.Bc4+ Kh8 40.Qb6 Rdf8 41.Rc3 Be6 42.Bd3 Bf5 43.Rb1 Ra8
44.a6 Rxa6 45.Bxa6 Bxb1 46.Qxb1 bxa6 47.Rb3 Kg8 48.Rb7 Ne2+ 49.Kf2 Nxd4 50.Rxg7+ Kxg7
51.Qb7+ Kg8 52.Qd7 Nf5 53.Ng4 Rf7 54.Qxc6 Kg7 55.Qxa6 h5 56.Ne5 Rf6 57.Qb7+ Kh6
58.Qc8 Kg7 59.Qd7+ Kh6 60.Qe8  1-0

[Event "Easter Open"]
[Site "Norrkoping SWE"]
[Date "2011.04.22"]
[Round "3"]
[White "Akesson,R"]
[Black "Pettersson,An"]
[Result "1-0"]
[WhiteElo "2433"]
[BlackElo "2156"]

1.d4 d5 2.c4 c6 3.Nc3 Nf6 4.e3 e6 5.Nf3 Nbd7 6.Bd3 dxc4 7.Bxc4 b5 8.Bd3 a6
9.e4 c5 10.d5 exd5 11.e5 Qe7 12.O-O d4 13.Re1 Ng4 14.Nd5 Qd8 15.Bg5 Qa5 16.b4  1-0

[Event "Philadelphia Open"]
[Site "Philadelphia USA"]
[Date "2011.04.22"]
[Round "5"]
[White "Vucic,Ml"]
[Black "Bierkens,P"]
[Result "1-0"]
[WhiteElo "2332"]
[BlackElo "2137"]

1.d4 d5 2.Nf3 c6 3.c4 Nf6 4.e3 e6 5.Nc3 Nbd7 6.Qc2 Be7 7.b3 O-O 8.Bd3 Re8
9.O-O Bd6 10.e4 dxe4 11.Nxe4 Nxe4 12.Bxe4 Nf6 13.Bg5 g6 14.Rad1 Be7 15.Rfe1 Bd7
16.Ne5 Rc8 17.Bf3 Nd5 18.Bh6 Nb4 19.Qd2 a5 20.a3 Na6 21.c5 Nb8 22.Nc4 e5
23.Rxe5 Be6 24.Nxa5 b5 25.b4 Qd7 26.Bf4 Bf6 27.Re3 Bd5 28.Bxd5 Qxd5 29.Nb7 Nd7
30.Nd6 Rxe3 31.Qxe3 Ra8 32.Bh6 Ne5 33.Qe4 Qxe4 34.Nxe4 Ng4 35.Bc1 Be7 36.f3 Nf6
37.Nxf6+ Bxf6 38.d5 cxd5 39.Rxd5 Kf8 40.Kf2 Ke7 41.Rd6 Be5 42.Rb6 Rd8 43.Ke2 f6
44.Rxb5 Ke6 45.Rb6+ Kd5 46.f4 Bc7 47.Rxf6  1-0

[Event "Philadelphia Open"]
[Site "Philadelphia USA"]
[Date "2011.04.22"]
[Round "5"]
[White "Milman,L"]
[Black "Mulyar,M"]
[Result "0-1"]
[WhiteElo "2462"]
[BlackElo "2396"]

1.d4 d5 2.c4 c6 3.Nf3 Nf6 4.Nc3 e6 5.e3 Nbd7 6.Qc2 Bd6 7.Bd3 dxc4 8.Bxc4 O-O
9.O-O a6 10.Rd1 b5 11.Bd3 Qc7 12.e4 e5 13.h3 Bb7 14.a4 exd4 15.Nxd4 Rfe8
16.Nf5 Bf8 17.f4 b4 18.Ne2 b3 19.Qc4 c5 20.e5 Qc6 21.Nh4 Nb6 22.Qc3 Nfd5
23.Qe1 Nb4 24.Nc3 Nxd3 25.Rxd3 Be7 26.Nf3 Rad8 27.Rxd8 Rxd8 28.a5 Nd5 29.Nxd5 Rxd5
30.Be3 c4 31.Rd1 h6 32.Rxd5 Qxd5 33.Qd2 Qxd2 34.Nxd2 Bd5 35.Kf2 Bb4 36.g3 Bxa5
37.Ke2 c3 38.bxc3 Bxc3 39.Kd3 Bb4 40.Bd4 a5 41.Bc3 Bxc3 42.Kxc3 a4 43.Kb4 Bc6
44.f5 Kf8 45.g4 Ke7 46.h4 Bd7 47.h5 Bc6 48.Ka3 Bb5 49.Kb4 Bd3 50.Ka3 f6 51.e6 Be2  0-1

[Event "15th Neckar Open"]
[Site "Deizisau GER"]
[Date "2011.04.23"]
[Round "5"]
[White "Abel,D"]
[Black "Bindrich,F"]
[Result "1/2-1/2"]
[WhiteElo "2411"]
[BlackElo "2523"]

1.d4 d5 2.c4 c6 3.Nc3 Nf6 4.e3 e6 5.Nf3 Nbd7 6.Qc2 Bd6 7.Bd3 dxc4 8.Bxc4 O-O
9.O-O a6 10.Rd1 Qc7 11.Ne4 Nxe4 12.Qxe4 c5 13.Bd3 Nf6 14.Qh4 Bd7 15.e4 e5
16.dxe5 Bxe5 17.Nxe5 Qxe5 18.Bf4 Qh5 19.Qxh5 Nxh5 20.Be3 Rac8 21.e5 Be6 22.Be4 Rc7
23.Rd6 Re8 24.Rad1 f5 25.Rd8 Kf7 26.Rxe8 Kxe8 27.Bf3 g6 28.Rd6 Bxa2 29.g3 Re7
30.Rb6 Rxe5 31.Bxb7 Bc4 32.Bxa6 Bxa6 33.Rxa6 c4 34.Rc6 Re4 35.Kf1 f4 36.Bd2 f3
37.Be3 Ng7 38.Rc7 Nf5 39.Rxh7 Nxe3+ 40.fxe3 Rxe3 41.Rc7  1/2-1/2

[Event "17th Asian Cities"]
[Site "Jakarta INA"]
[Date "2011.04.23"]
[Round "2.1"]
[White "Thejkumar,M"]
[Black "Yu Yangyi"]
[Result "1/2-1/2"]
[WhiteElo "2458"]
[BlackElo "2652"]

1.d4 Nf6 2.c4 e6 3.Nf3 d5 4.Nc3 c6 5.e3 Nbd7 6.Qc2 g6 7.Be2 Bg7 8.O-O O-O
9.b3 Re8 10.Bb2 b6 11.e4 dxe4 12.Nxe4 Qc7 13.Ne5 Bb7 14.Bf3 Nxe4 15.Qxe4 f5
16.Qe2 Nxe5 17.dxe5 c5 18.Bxb7 Qxb7 19.Rad1 Rad8 20.Rd3 Qe4 21.Qxe4 fxe4
22.Rdd1 Bh6 23.Rfe1 e3 24.Kf1 exf2 25.Kxf2 Bd2 26.Rf1 Rd3 27.Ke2 Red8 28.Rf6 Re3+
29.Kf1 Rdd3 30.Rxe6 Bc3 31.Rxd3 Rxd3 32.Bxc3 Rxc3 33.Rd6 Rc2 34.Rd8+ Kf7
35.Rd7+ Ke6 36.Rxa7 Kxe5 37.Rxh7 Rxa2 38.Rb7 Ra6 39.Rf7 Ra2 40.h4 Rd2 41.Kg1 Rd4
42.Rb7 Rd6 43.Kh2 Kf4 44.Re7 Kg4 45.Re4+ Kf5 46.Re3 Kg4 47.Re4+ Kf5 48.Re3 Kg4
49.Re4+  1/2-1/2

[Event "17th Asian Cities"]
[Site "Jakarta INA"]
[Date "2011.04.23"]
[Round "3.6"]
[White "Ahmad,Az"]
[Black "Pg,L"]
[Result "1-0"]
[WhiteElo "2348"]
[BlackElo "2301"]

1.d4 d5 2.c4 e6 3.Nc3 c6 4.e3 Nf6 5.Nf3 Bb4 6.Qb3 Ba5 7.Bd2 O-O 8.Bd3 Bc7
9.e4 dxe4 10.Nxe4 Nxe4 11.Bxe4 Ba5 12.O-O-O Bxd2+ 13.Rxd2 Na6 14.g3 Qc7 15.Re1 Rb8
16.Ne5 g6 17.Bf3 Qa5 18.h4 c5 19.Qb5 Qc7 20.d5 Qd6 21.Nxf7 Qe7 22.Ng5 Bd7
23.d6 Qe8 24.Qa5 h6 25.Nxe6 Rf6 26.Rde2 Qc8 27.Qc3 Rf7 28.Bd5 Bc6 29.Nd8 Bxd5
30.Re8+ Rf8 31.Rxf8+ Kxf8 32.Qh8+ Bg8 33.Qxh6+  1-0

[Event "17th Asian Cities"]
[Site "Jakarta INA"]
[Date "2011.04.23"]
[Round "3.2"]
[White "Kasmiran"]
[Black "Jumabayev,R"]
[Result "1-0"]
[WhiteElo "2346"]
[BlackElo "2562"]

1.Nf3 Nf6 2.c4 e6 3.d4 d5 4.Nc3 c6 5.e3 Nbd7 6.Qc2 Bd6 7.Bd3 dxc4 8.Bxc4 O-O
9.O-O b5 10.Bd3 Bb7 11.b3 Rc8 12.Bb2 Qc7 13.e4 e5 14.Ne2 exd4 15.Nexd4 Ne5
16.Nxe5 Bxe5 17.Nf3 Bxb2 18.Qxb2 Rcd8 19.Qc2 h6 20.Rfe1 Rfe8 21.e5 Nd5 22.Be4 c5
23.a3 Nf4 24.Bxb7 Qxb7 25.Re3 Rd5 26.a4 a6 27.h3 Red8 28.axb5 axb5 29.Kh2 Qc6
30.Qe4 Ne6 31.Nh4 Nd4 32.f4 c4 33.bxc4 bxc4 34.f5 Qc7 35.f6 gxf6 36.Rg3+ Kf8
37.Qh7 Qxe5 38.Ra7 R5d7 39.Qxh6+ Ke7 40.Ra3 Nc2 41.Qh7 Rh8 42.Ng6+ Kd6 43.Ra6+ Kc7
44.Nxe5 Rxh7 45.Nxd7 Kxd7 46.Rc3 Nd4 47.Rxf6  1-0

[Event "ch-FRA u18b"]
[Site "Montlucon FRA"]
[Date "2011.04.23"]
[Round "8.9"]
[White "Pluyaud,B"]
[Black "Chauvet,V"]
[Result "1-0"]
[WhiteElo "2007"]
[BlackElo "2090"]

1.d4 d5 2.c4 c6 3.Nf3 Nf6 4.Nc3 e6 5.e3 Nbd7 6.Bd3 dxc4 7.Bxc4 b5 8.Bd3 a6
9.O-O Bb7 10.e4 c5 11.d5 Qc7 12.dxe6 fxe6 13.Ng5 Qc6 14.Bc2 h6 15.Nf3 O-O-O
16.Qe2 Bd6 17.Nd2 Qc7 18.h3 g5 19.a4 b4 20.Nd1 Qc6 21.a5 Bb8 22.Ne3 Qc7 23.g3 h5
24.Nec4 Rdf8 25.Nb6+ Nxb6 26.axb6 Qxb6 27.Nc4 Qc7 28.Rd1 Ne8 29.Bxg5 Rhg8
30.Rd8+ Qxd8 31.Bxd8 Bxg3 32.fxg3 Rxg3+ 33.Kh2 Rff3 34.Bh4 Rxh3+ 35.Kg2 b3
36.Qxf3 Rxf3 37.Kxf3 bxc2 38.Rc1  1-0

[Event "Philadelphia Open"]
[Site "Philadelphia USA"]
[Date "2011.04.23"]
[Round "6"]
[White "Yeager,D"]
[Black "Amanov,M"]
[Result "0-1"]
[WhiteElo "2289"]
[BlackElo "2495"]

1.d4 d5 2.c4 e6 3.Nc3 c6 4.e3 Nf6 5.Nf3 Nbd7 6.Qc2 Bd6 7.Bd3 O-O 8.O-O dxc4
9.Bxc4 a6 10.Rd1 b5 11.Be2 Qc7 12.e4 e5 13.g3 Re8 14.dxe5 Nxe5 15.Bg5 Nfg4
16.Nd4 h6 17.Bf4 g5 18.Bxe5 Bxe5 19.Nf5 Bxf5 20.exf5 Nf6 21.Bf3 Rad8 22.Rac1 c5
23.a4 Qb6 24.Rxd8 Rxd8 25.axb5 axb5 26.Qe2 Bxc3 27.Rxc3 c4 28.b3 g4 29.Bg2 Qa5
30.Qb2 Rd1+ 31.Bf1 Nd5 32.Qe2 Rxf1+ 33.Kxf1 Qxc3 34.Qxg4+ Kf8  0-1

[Event "Joao Braga Open"]
[Site "Sao Paolo BRA"]
[Date "2011.04.23"]
[Round "6.24"]
[White "Molina,Rob"]
[Black "Rouanet,L"]
[Result "1-0"]
[WhiteElo "2428"]
[BlackElo "2033"]

1.d4 d5 2.c4 c6 3.Nf3 Nf6 4.e3 e6 5.Nc3 Nbd7 6.Qc2 Be7 7.Bd3 h6 8.O-O Qc7
9.b3 O-O 10.Bb2 Qb8 11.Rac1 Re8 12.Rfd1 Bd6 13.e4 dxe4 14.Nxe4 Nxe4 15.Bxe4 e5
16.h3 exd4 17.Nxd4 Bf8 18.Re1 Rd8 19.Nf5 Qf4 20.Rcd1 Kh8 21.h4 f6 22.g3 Qc7
23.Qe2 Nc5 24.Bb1 Rxd1 25.Qxd1 Bxf5 26.Bxf5 Qf7 27.Bb1 Re8 28.Rxe8 Qxe8 29.Qc2 Qe1+
30.Kg2 Kg8 31.Bxf6 Qe4+ 32.Qxe4 Nxe4 33.Bxg7 Kxg7 34.Bxe4 Kf6 35.f4 Ke6 36.g4 Kd7
37.g5 b6 38.Kf3 c5 39.Kg4 Kd6 40.Kf5 hxg5 41.fxg5 Bg7  1-0

[Event "ch-Lower Rhine 2011"]
[Site "Solingen GER"]
[Date "2011.04.23"]
[Round "7.5"]
[White "Vasiljevs,J"]
[Black "Goerke,J"]
[Result "1-0"]
[WhiteElo "2158"]
[BlackElo "2154"]

1.d4 d5 2.c4 e6 3.Nc3 c6 4.Nf3 Nf6 5.e3 Nbd7 6.Bd3 dxc4 7.Bxc4 b5 8.Bd3 a6
9.a4 b4 10.Ne4 a5 11.O-O Ba6 12.Bxa6 Rxa6 13.Qd3 Qb6 14.Nxf6+ gxf6 15.e4 c5
16.Be3 Ra8 17.Rac1 e5 18.dxc5 Bxc5 19.Rfd1 O-O 20.Qxd7 Bxe3 21.Qg4+ Kh8 22.fxe3 Qxe3+
23.Kh1 Rg8 24.Qf5 Qh6 25.Rc6 Rg6 26.g3 Kg7 27.Nh4 Rg5 28.Qf3 Qh5 29.Qxf6+ Kg8
30.Rd8+ Rxd8 31.Qxd8+ Kg7 32.Qf6+ Kg8 33.Rc8+  1-0

[Event "ch-Americas Continental"]
[Site "Toluca MEX"]
[Date "2011.04.23"]
[Round "7"]
[White "Bluvshtein,M"]
[Black "Perez Rodriguez,L"]
[Result "1-0"]
[WhiteElo "2589"]
[BlackElo "2483"]

1.d4 d5 2.c4 c6 3.Nc3 Nf6 4.e3 e6 5.Nf3 Nbd7 6.Qc2 Bd6 7.g4 h6 8.h3 e5 9.Nd2 dxc4
10.Bxc4 b5 11.Bb3 exd4 12.exd4 b4 13.Na4 O-O 14.Nf3 Qe7+ 15.Kf1 Qe4 16.Qxe4 Nxe4
17.Be3 Bb7 18.Kg2 c5 19.Rhd1 Rac8 20.Rac1 cxd4 21.Rxc8 Rxc8 22.Rxd4 Ne5 23.Bd5 Bxd5
24.Rxd5 Nc4 25.Bxa7 Ra8 26.Nb6 Nxb6 27.Bxb6 Rxa2 28.Bd4 f6 29.Nh4 Ra6 30.Nf5 Bf8
31.Rd8 Ng5 32.Be3 Ne6 33.Rd2 g6 34.Nh4 g5 35.Nf5 Bc5 36.Kf3 Bxe3 37.Kxe3 Ra1
38.Rd6 Rb1 39.Ke4 Kf7 40.Rd2 Nc5+ 41.Kd5 Na4 42.Nd6+ Kg6 43.Nc4 Rc1 44.Re2 Rb1
45.Kc6 f5 46.Kb5 Rxb2 47.Rxb2 Nxb2 48.Nxb2 fxg4 49.hxg4 Kf6 50.Nd3 b3 51.Kc4 b2
52.Nxb2 Ke5 53.Nd3+ Ke4 54.Ne1  1-0

[Event "9th V Nabokov IM"]
[Site "Kyiv UKR"]
[Date "2011.04.24"]
[Round "8.1"]
[White "Melnichuk,M"]
[Black "Koziak,V"]
[Result "1/2-1/2"]
[WhiteElo "2319"]
[BlackElo "2471"]

1.d4 d5 2.c4 e6 3.Nf3 Nf6 4.Nc3 c6 5.e3 Nbd7 6.Qc2 Bd6 7.Bd3 O-O 8.O-O h6
9.Rd1 Qe7 10.b3 e5 11.cxd5 Nxd5 12.Nxd5 cxd5 13.dxe5 Nxe5 14.Nd4 Bg4 15.Be2 Rac8
16.Qb2 Bd7 17.a3 Qh4 18.g3 Qh3 19.Bf1 Qh5 20.Bd2 Ng4 21.h3 Nxf2 22.Kxf2 Qe5
23.Be1 Qxg3+ 24.Ke2 Qh2+ 25.Bf2 Be5 26.Ke1 Bxh3 27.Bxh3 Qxh3 28.Rac1 Rce8
29.Qe2 Qh1+ 30.Kd2 Qe4 31.Kc3 f5 32.Qd3 f4 33.Qxe4 dxe4 34.exf4 Bxf4 35.Rc2 Be5
36.Be3 Rd8 37.Re2 Rf3 38.Kc4 Rf6 39.Rdd2 Rc8+ 40.Kd5 Re8 41.Kxe4 Bd6+ 42.Kd3 Bxa3
43.Rc2 a6  1/2-1/2

[Event "V New Open Lugano"]
[Site "Lugano SUI"]
[Date "2011.04.24"]
[Round "5.10"]
[White "Cocconcelli,Lorenzo"]
[Black "Karl,H"]
[Result "1/2-1/2"]
[WhiteElo "1842"]
[BlackElo "2194"]

1.d4 d5 2.c4 c6 3.Nc3 Nf6 4.Nf3 e6 5.e3 Nbd7 6.Bd3 Bd6 7.O-O O-O 8.b3 Qe7
9.Bb2 Re8 10.e4 dxe4 11.Nxe4 Nxe4 12.Bxe4 Nf6 13.Bc2 b6 14.Re1 Bb7 15.Qe2 Ba3
16.Bc3 Bb4 17.Qd2 Bxc3 18.Qxc3 c5 19.Rad1 cxd4 20.Nxd4 Rad8 21.Qg3 Qc5 22.Nb5 Rxd1
23.Rxd1 Rf8 24.Qd6 Qxd6 25.Rxd6 g6 26.f3 Ra8 27.Kf2 Kf8 28.Ke3 Ke7 29.Rd2 a6
30.Nd6 Bc6 31.Ne4 Nxe4 32.Bxe4 Bxe4 33.Kxe4 b5 34.Rc2 Rc8 35.Kd3 Rd8+ 36.Ke3 Rc8
37.Kd3  1/2-1/2

[Event "57th ch-WLS"]
[Site "Cardiff WLS"]
[Date "2011.04.25"]
[Round "6.3"]
[White "Brown,Th"]
[Black "Jameson,D"]
[Result "1-0"]
[WhiteElo "2070"]
[BlackElo "2088"]

1.d4 d5 2.c4 c6 3.Nf3 Nf6 4.e3 e6 5.Nc3 Nbd7 6.Bd3 dxc4 7.Bxc4 b5 8.Be2 a6
9.e4 c5 10.e5 cxd4 11.Qxd4 Bc5 12.Qf4 Nd5 13.Qg3 g6 14.O-O Bb7 15.Bg5 Nxc3
16.bxc3 Qc7 17.Rfd1 h6 18.Qh4 Rb8 19.Rd3 Bxf3 20.Bxf3 Nxe5 21.Rad1 Nxf3+
22.gxf3 Be7 23.Rd7 Bxg5 24.Qd4 Qxd7 25.Qxh8+  1-0

[Event "15th Neckar Open"]
[Site "Deizisau GER"]
[Date "2011.04.25"]
[Round "8"]
[White "Braun,A"]
[Black "Erdos,V"]
[Result "1-0"]
[WhiteElo "2542"]
[BlackElo "2597"]

1.d4 d5 2.c4 c6 3.Nf3 Nf6 4.Nc3 e6 5.e3 Nbd7 6.Bd3 dxc4 7.Bxc4 b5 8.Bd3 Bd6
9.O-O O-O 10.e4 e5 11.Ne2 a6 12.Bg5 h6 13.Bh4 c5 14.d5 c4 15.Bc2 Nc5 16.b4 cxb3
17.axb3 g5 18.Bg3 Re8 19.Nd2 Nh5 20.Nc3 Nxg3 21.fxg3 Bf8 22.Kh1 b4 23.Na4 Nxa4
24.Rxa4 Bd7 25.Ra2 Bb5 26.Rf3 Bc5 27.Bd3 Bd4 28.h3 Kg7 29.Kh2 Qb6 30.Qf1 f6
31.Qe2 Rec8 32.Bc4 Bd7 33.Bd3 Rc1 34.Rf1 Rxf1 35.Qxf1 a5 36.Qd1 Bc3 37.Nc4 Qc5
38.Be2 Ra7 39.Bg4 Be8 40.d6 Bd4 41.d7 Bxd7 42.Bxd7 Rxd7 43.Rxa5 Qc6 44.Qg4 Ra7
45.Rd5 Ra1 46.h4 h5 47.Qxh5 Qc8 48.g4 Bg1+ 49.Kh3 Bf2 50.g3 Rg1 51.Nd6 Rxg3+
52.Kh2 Rh3+ 53.Kg2 Rg3+ 54.Kxf2 Qc2+ 55.Kxg3 Qxb3+ 56.Kf2 Qa2+ 57.Kf3 Qb3+
58.Ke2 Qa2+ 59.Rd2  1-0

[Event "17th Asian Cities"]
[Site "Jakarta INA"]
[Date "2011.04.25"]
[Round "4.8"]
[White "Jones,Le"]
[Black "Munir,Azizi Bin Ahmad"]
[Result "1/2-1/2"]
[WhiteElo "2109"]
[BlackElo "1928"]

1.d4 d5 2.c4 c6 3.e3 e6 4.Nf3 Nf6 5.Nc3 Nbd7 6.Qc2 Bd6 7.Bd2 O-O 8.O-O-O b6
9.Kb1 Bb7 10.Rg1 c5 11.Be1 Rc8 12.cxd5 exd5 13.Bd3 a6 14.dxc5 bxc5 15.Qe2 Qb6
16.Bf5 Rcd8 17.g4 Ne5 18.Nxe5 Bxe5 19.Na4 Qc6 20.Bc2 d4 21.f4 Bc7 22.exd4 Rxd4
23.Rxd4 cxd4 24.g5 Nd5 25.Qd3 g6 26.Qxd4 Bxf4 27.Rf1 Rc8 28.Nc3 Qc4 29.Qxc4 Rxc4
30.Bb3 Rd4 31.Ne2 Re4 32.Bxd5 Bxd5 33.Nxf4 Bc4 34.Nd5 Bxf1 35.Nf6+ Kg7 36.Nxe4 Bd3+
37.Kc1 Bxe4 38.Bc3+ Kf8  1/2-1/2

[Event "17th Asian Cities"]
[Site "Jakarta INA"]
[Date "2011.04.25"]
[Round "4.9"]
[White "Saud,M"]
[Black "Khalaji,H"]
[Result "1/2-1/2"]
[WhiteElo "2087"]
[BlackElo "1967"]

1.d4 d5 2.c4 c6 3.Nf3 Nf6 4.Nc3 e6 5.e3 Nbd7 6.Qc2 Bb4 7.Bd3 Qe7 8.O-O O-O
9.Ne5 Nxe5 10.dxe5 Ng4 11.f4 g6 12.h3 dxc4 13.Bxc4 Qc5 14.Ne4 Nxe3 15.Qf2 Qxc4
16.Nf6+ Kg7 17.Bxe3 b6 18.Rfc1 Qb5 19.Qh4 h5 20.Nxh5+ gxh5 21.Qg5+ Kh7 22.Qxh5+ Kg7
23.Qg5+ Kh7 24.Qh5+ Kg7 25.Qg5+ Kh7 26.Qh5+  1/2-1/2

[Event "17th Asian Cities"]
[Site "Jakarta INA"]
[Date "2011.04.25"]
[Round "5.8"]
[White "Jones,B"]
[Black "Looi,X"]
[Result "0-1"]
[WhiteElo "2046"]
[BlackElo "1970"]

1.d4 d5 2.c4 c6 3.Nc3 Nf6 4.Nf3 e6 5.e3 Bd6 6.Qc2 Nbd7 7.b3 O-O 8.Be2 Re8
9.O-O dxc4 10.Bxc4 b5 11.Be2 Bb7 12.Rd1 Qc7 13.Bb2 a6 14.Ne4 Nxe4 15.Qxe4 c5
16.Qh4 Be7 17.Qh3 Bf6 18.Rac1 Rac8 19.Bd3 h6 20.e4 Qa5 21.e5 Bxf3 22.Qxf3 Bg5
23.Ra1 c4 24.bxc4 bxc4 25.Bc3 Qa3 26.Bc2 Nb6 27.Bd2 Qxf3 28.gxf3 Bxd2 29.Rxd2 Nd5
30.Kf1 Rb8 31.Ke2 c3 32.Rdd1 Rb2 33.Kd3 Rc8 34.a3 Nf4+ 35.Ke3 Rxc2 36.Kxf4 Rxf2
37.Kg3 Rb2 38.Rac1 Ra2 39.Rd3 Rxa3 40.Kf4 a5 41.Rc2 a4 42.Rd1 Rb3 43.Ke3 Kh7
44.Kd3 a3 45.f4 a2 46.Ra1 Rb2 47.Rxa2 Rxa2 48.Rxa2 Kg6 49.Rc2 Kf5 50.Ke3 Kg4
51.Ke4 g5 52.fxg5 hxg5 53.d5 Rc4+ 54.Kd3 exd5 55.Rxc3 Rxc3+ 56.Kxc3 Kh3 57.Kd4 g4
58.Kxd5 Kxh2 59.Kd6 g3 60.Ke7 g2 61.Kxf7 g1=Q 62.e6 Qf1+ 63.Ke8 Qb5+ 64.Kd8 Qd5+
65.Ke7 Kg3 66.Kf6 Qd6 67.Kf7 Qf4+ 68.Ke8 Qa4+ 69.Kf7 Qc4 70.Ke7 Qd4 71.Kf7 Qc4
72.Ke7 Qd5 73.Kf6 Kf4 74.e7 Qg8 75.e8=Q Qxe8 76.Kg7 Kf5 77.Kh7 Kf6 78.Kh6 Qh8+  0-1

[Event "17th Asian Cities"]
[Site "Jakarta INA"]
[Date "2011.04.25"]
[Round "5.8"]
[White "Tan Khai Boon"]
[Black "Lane,G"]
[Result "0-1"]
[WhiteElo "2150"]
[BlackElo "2366"]

1.d4 d5 2.c4 c6 3.Nf3 Nf6 4.Nc3 e6 5.e3 Nbd7 6.Qc2 Bd6 7.b3 O-O 8.Be2 e5
9.cxd5 Nxd5 10.Nxd5 cxd5 11.dxe5 Nxe5 12.O-O Nxf3+ 13.Bxf3 Qh4 14.g3 Qf6
15.Bxd5 Bf5 16.e4 Bh3 17.Rd1 Be5 18.f4 Bxa1 19.Be3 Bg4 20.Rd3 Rac8 21.Qf2 b6
22.Kg2 Be6  0-1